Tiempos Del Cólera P260-270 - Statistics

General Stats
  • This quiz has been taken 3 times
  • The average score is 30 of 62
Answer Stats
Term Answer % Correct
Astrología Astrology
100%
Atributo Attribute
100%
Maíz Corn
100%
Muchedumbre Crowd
100%
Pinga Dick
100%
Desmantelar Dismantle
100%
Desmontar Dismantle
100%
Ingeniero Engineer
100%
Cercar Fence
100%
Sombrerería Hat Shop
100%
Gallinero Henhouse
100%
Recluso Inmate
100%
Vereda Lane
100%
Memorando Memo
100%
Pepa Pip
100%
Rústico Rustic
100%
Ardoroso Ardent
50%
Rechiflar Boo
50%
Caliche Calcrete
50%
Desempeñar Carry Out
50%
Cisterna Cistern
50%
Estreñimiento Constipation
50%
Desarticulación Dislocation
50%
Expendio Expense
50%
Marica Fag
50%
Proeza Feat
50%
Bravo Fierce
50%
Jerarquía Hierarchy
50%
Salteador Highwayman
50%
Mazo Mallet
50%
Ínfimo Negligible
50%
Plumada Pen Stroke
50%
Arrumar Pile Up
50%
Caño Pipe
50%
Sepulcro Sepulchre
50%
Pollera Skirt
50%
Candilejo Small Kitchen Lamp
50%
Maloliente Smelly
50%
Taconeo Sound Of Heels
50%
Carril Track
50%
Mecanografía Typing
50%
Vaguedad Vagueness
50%
Cimarrón Wild
50%
Bodega Winery
50%
Piropo Catcall
0%
Encandilar Dazzle
0%
Perrería Dirty Trick
0%
Atracadero Dock
0%
Cancerbero Goalkeeper
0%
Soterrado Hidden
0%
Malla Mesh
0%
Talante Mood
0%
Tocayo Namesake
0%
Descote Neckline
0%
Tabique Partition
0%
Arracada Pendant Earring
0%
Basurero Rubbish Dump
0%
Galpón Shed
0%
Embadurnado Smeared
0%
Sordidez Sordidness
0%
Camisa De Fuerza Straitjacket
0%
Engorroso Trying
0%
No matching quizzes found
Score Distribution
Percent of People with Each Score
Percentile by Number Answered
Your Score History
You have not taken this quiz